Départements les plus peuplés de France - Statistiques

Statistiques générales
  • Ce quiz a été pris 145 fois
  • Le résultat moyen est 10 sur 11
Statistiques - réponses
Région Habitants Département % Correct
Ile-de-France 2 200 000 Paris
98%
Hauts-de-France 2 600 000 Nord
95%
Nouvelle-Aquitaine 1 500 000 Gironde
94%
Auvergne-Rhône-Alpes 1 800 000 Rhône
93%
Hauts-de-France 1 500 000 Pas-de-Calais
92%
Provence-Alpes-Côte d'Azur 2 000 000 Bouches-du-Rhône
91%
Ile-de-France 1 500 000 Seine-Saint-Denis
91%
Ile-de-France 1 400 000 Yvelines
90%
Ile-de-France 1 600 000 Hauts-de-Seine
88%
Ile-de-France 1 400 000 Seine-et-Marne
86%
Ile-de-France 1 400 000 Val-de-Marne
84%
Aucun quiz correspondant
Distribution des résultats
% des personnes avec chaque résultat
Percentile par nombre de réponses
Votre historique - résultats
Vous n’avez pas pris ce quiz